000 00769nam a2200205Ii 4500
003 JO-AjNU
008 230605s9999||||xx |||||||||||||| ||und||
020 _a978-6144-169-8787
040 _aJO-AjNU
_bara
_erda
_cJO-AjNU
041 _aara
050 1 4 _aDS145.M35
100 3 _aعثمان، ماهر,
_eauthor
_956889
245 0 0 _aالأردن في الوثائق السرية البريطانية (1953-1957): السنوات الخمس الأولى من عهد الملك حسين
264 3 1 _aد.م: د.ن، د.ت
300 _a526ص
336 _atext
_btxt
_2rdacontent
337 _aunmediated
_bn
_2rdamedia
338 _avolume
_bnc
_2rdacarrier
650 4 _aالاردن - تاريخ - الحسين -1953-1957 - الوثائق البريطانية
_956890
999 _aA25461
_c29029
_d29029